[Event "Titled Tuesday intern op 27th Apr"]
[Site "Chess.com INT"]
[Date "2021.04.27"]
[Round "5"]
[White "Baskin, Robert"]
[Black "Nadimifar, Adnan"]
[Result "0-1"]
[WhiteElo "2390"]
[BlackElo "2210"]
[PlyCount "128"]
[EventDate "2021.04.27"]
[EventType "swiss (blitz)"]
[EventRounds "11"]
[EventCountry "USA"]
[SourceTitle "CBM 202 Extra"]
[Source "ChessBase"]
[SourceDate "2021.07.31"]
[SourceVersion "1"]
[SourceVersionDate "2021.07.31"]
[SourceQuality "1"]

1. d4 Nf6 2. c4 g6 3. f3 Bg7 4. e4 0-0 5. Nc3 d6 6. Be3 c5 7. dxc5 dxc5 8. Qxd8 Rxd8 9. Bxc5 Nc6 10. Nge2 Nd7 11. Be3 Nde5 12. Nf4 Nb4 13. Rc1 g5 14. Nfd5 Nbd3+ 15. Bxd3 Nxd3+ 16. Ke2 Nxc1+ 17. Rxc1 Bd7 18. Bxg5 f6 19. Be3 e6 20. Nf4 Kf7 21. b3 b6 22. a4 Bc6 23. Nd3 Rd7 24. a5 Rad8 25. Nb4 Bb7 26. axb6 axb6 27. Rc2 Bf8 28. Nba2 Bc5 29. Nc1 Bc6 30. Bxc5 bxc5 31. Ke3 Ke7 32. N1e2 Rd3+ 33. Kf2 Rd2 34. Rc1 Rb2 35. Ra1 Rd3 36. Kg3 Rxb3 37. Ra7+ Kd6 38. Nb5+ Bxb5 39. cxb5 Rxb5 40. Rxh7 c4 41. Rh8 Ke7 42. Rh7+ Kd6 43. Rh8 Kc7 44. Nf4 Rd6 45. Re8 Rbb6 46. Ne2 Rbc6 47. Nc3 Rd3 48. Nb5+ Kb6 49. Rb8+ Kc5 50. h4 Rb6 51. Rc8+ Kxb5 52. h5 Rc6 53. Rb8+ Kc5 54. h6 Rd7 55. Rg8 c3 56. Rg7 Rxg7+ 57. hxg7 Rc8 58. Kf4 c2 59. g4 c1Q+ 60. Kg3 Kd4 61. g5 Qxg5+ 62. Kf2 Qxg7 63. f4 Rc2+ 64. Kf3 Qg2# 0-1

[Event "Titled Tuesday intern op 27th Apr"]
[Site "Chess.com INT"]
[Date "2021.04.27"]
[Round "9"]
[White "Bortnyk, Olexandr"]
[Black "Nadimifar, Adnan"]
[Result "1-0"]
[WhiteElo "2598"]
[BlackElo "2210"]
[PlyCount "123"]
[EventDate "2021.04.27"]
[EventType "swiss (blitz)"]
[EventRounds "11"]
[EventCountry "USA"]
[SourceTitle "CBM 202 Extra"]
[Source "ChessBase"]
[SourceDate "2021.07.31"]
[SourceVersion "1"]
[SourceVersionDate "2021.07.31"]
[SourceQuality "1"]

1. e4 c5 2. Nf3 Nf6 3. e5 Nd5 4. c3 Nc6 5. d4 cxd4 6. cxd4 d6 7. Bc4 dxe5 8. Nxe5 e6 9. 0-0 Bd6 10. Nf3 0-0 11. Qe2 b6 12. Nbd2 Bb7 13. Ne4 Be7 14. a3 Rc8 15. b4 Nf6 16. Bd3 Nxe4 17. Bxe4 Bf6 18. Bb2 Qd7 19. Rad1 Ne7 20. Ne5 Bxe5 21. dxe5 Nd5 22. Qh5 h6 23. Rd3 Ba6 24. Rxd5 exd5 25. Rd1 Qb5 26. Bd3 Qxd3 27. Rxd3 Bxd3 28. h3 Rc2 29. Bd4 Rc4 30. Qg4 Re8 31. Qd7 Rf8 32. Qxd5 Rc1+ 33. Kh2 Bf5 34. Be3 Be6 35. Qf3 Ra1 36. Qg3 Rxa3 37. Qh4 Re8 38. Qd4 Rb3 39. Qd6 Rc8 40. Qe7 Rc2 41. Qxa7 Rbb2 42. Qa8+ Kh7 43. Qe4+ g6 44. Qd4 Rb3 45. Qxb6 Rcb2 46. Qd4 Rxb4 47. Qd8 Kg7 48. Qf6+ Kh7 49. Qe7 Rb7 50. Qh4 R2b3 51. Qxh6+ Kg8 52. Bg5 f6 53. Qxg6+ Kf8 54. Qxf6+ Bf7 55. e6 R3b6 56. Qh8+ Bg8 57. Bh6+ Ke7 58. Qxg8 Rxe6 59. Bf8+ Kd7 60. Qf7+ Re7 61. Qxe7+ Kc6 62. Qxb7+ 1-0

[Event "Titled Tuesday intern op 27th Apr"]
[Site "Chess.com INT"]
[Date "2021.04.27"]
[Round "8"]
[White "Lazavik, Denis"]
[Black "Nadimifar, Adnan"]
[Result "0-1"]
[WhiteElo "2438"]
[BlackElo "2210"]
[PlyCount "98"]
[EventDate "2021.04.27"]
[EventType "swiss (blitz)"]
[EventRounds "11"]
[EventCountry "USA"]
[SourceTitle "CBM 202 Extra"]
[Source "ChessBase"]
[SourceDate "2021.07.31"]
[SourceVersion "1"]
[SourceVersionDate "2021.07.31"]
[SourceQuality "1"]

1. d4 Nf6 2. c4 g6 3. Nf3 Bg7 4. g3 0-0 5. Bg2 Nc6 6. Nc3 d5 7. cxd5 Nxd5 8. 0-0 Nb6 9. e3 Re8 10. h3 e5 11. d5 Na5 12. Qc2 e4 13. Nxe4 Qxd5 14. Nd4 Qc4 15. Qxc4 Naxc4 16. b3 Ne5 17. Rd1 c6 18. Bb2 a5 19. a3 Nd5 20. Nc5 b6 21. Nxc6 Nxc6 22. Bxg7 Nce7 23. Na4 Kxg7 24. Bxd5 Nxd5 25. Rxd5 Bxh3 26. Nxb6 Rab8 27. Nc4 Be6 28. Rd4 Bxc4 29. bxc4 Rb3 30. Rc1 Rxa3 31. c5 Rc8 32. c6 Rb3 33. Rd7 Rb6 34. c7 Rb7 35. e4 a4 36. e5 a3 37. e6 a2 38. Rxf7+ Kg8 39. Ra1 Rb1+ 40. Kg2 Rxa1 41. Rd7 Rc1 42. Rd8+ Kg7 43. Rxc8 a1Q 44. e7 Rg1+ 45. Kf3 Qd1+ 46. Kf4 Qd2+ 47. Kf3 Qd3+ 48. Kf4 Qf5+ 49. Ke3 Qxc8 0-1

[Event "Titled Tuesday intern op 27th Apr"]
[Site "Chess.com INT"]
[Date "2021.04.27"]
[Round "7"]
[White "Nadimifar, Adnan"]
[Black "Jobava, Baadur"]
[Result "1-0"]
[WhiteElo "2210"]
[BlackElo "2603"]
[PlyCount "63"]
[EventDate "2021.04.27"]
[EventType "swiss (blitz)"]
[EventRounds "11"]
[EventCountry "USA"]
[SourceTitle "CBM 202 Extra"]
[Source "ChessBase"]
[SourceDate "2021.07.31"]
[SourceVersion "1"]
[SourceVersionDate "2021.07.31"]
[SourceQuality "1"]

1. e4 c6 2. d4 d5 3. exd5 cxd5 4. c4 Nc6 5. Nc3 e6 6. Nf3 Be7 7. cxd5 exd5 8. h3 Nf6 9. Bd3 0-0 10. 0-0 Re8 11. Re1 h6 12. a3 Bd6 13. Be3 Ne7 14. Qc2 Be6 15. Re2 Rc8 16. Rae1 Bb8 17. Ne5 Ne4 18. Bf4 f6 19. Bxh6 fxe5 20. Bxe4 dxe4 21. Bg5 exd4 22. Rxe4 dxc3 23. Rxe6 Qc7 24. g3 cxb2 25. Qxb2 Qc3 26. Qxb7 Bxg3 27. Bxe7 Bf4 28. Bb4 Qxh3 29. Rxe8+ Kh7 30. Qe4+ g6 31. Re7+ Kg8 32. Qxg6+ 1-0

[Event "Titled Tuesday intern op 27th Apr"]
[Site "Chess.com INT"]
[Date "2021.04.27"]
[Round "10"]
[White "Nadimifar, Adnan"]
[Black "Pichot, Alan"]
[Result "1-0"]
[WhiteElo "2210"]
[BlackElo "2630"]
[PlyCount "91"]
[EventDate "2021.04.27"]
[EventType "swiss (blitz)"]
[EventRounds "11"]
[EventCountry "USA"]
[SourceTitle "CBM 202 Extra"]
[Source "ChessBase"]
[SourceDate "2021.07.31"]
[SourceVersion "1"]
[SourceVersionDate "2021.07.31"]
[SourceQuality "1"]

1. e4 c5 2. b4 b6 3. bxc5 bxc5 4. Nc3 Nc6 5. Rb1 g6 6. Bb5 Nd4 7. Bc4 e6 8. e5 Qc7 9. Nf3 Bg7 10. 0-0 Nxf3+ 11. Qxf3 Rb8 12. Nb5 Rxb5 13. Bxb5 Bxe5 14. h3 Ne7 15. Bb2 Nf5 16. Bxe5 Qxe5 17. Rfe1 Qc7 18. c3 0-0 19. Bd3 Ne7 20. Qf6 Nd5 21. Qh4 d6 22. Bc4 Nb6 23. Be2 Bb7 24. Qg3 Bd5 25. a3 e5 26. Bf3 Be6 27. d4 exd4 28. cxd4 c4 29. a4 Nxa4 30. Rb7 Qa5 31. Ra1 Rc8 32. Qxd6 c3 33. d5 Bf5 34. Qf6 Rf8 35. g4 Bd3 36. h4 c2 37. h5 Qc3 38. Qxc3 Nxc3 39. d6 Nb1 40. Rc7 Rd8 41. h6 Kf8 42. Raxa7 Kg8 43. Bd5 Kh8 44. Kh2 g5 45. d7 Nc3 46. Rxc3 1-0

[Event "Titled Tuesday intern op 27th Apr"]
[Site "Chess.com INT"]
[Date "2021.04.27"]
[Round "2"]
[White "Perez Rodriguez, Luis Manuel"]
[Black "Nadimifar, Adnan"]
[Result "1/2-1/2"]
[WhiteElo "2324"]
[BlackElo "2210"]
[PlyCount "86"]
[EventDate "2021.04.27"]
[EventType "swiss (blitz)"]
[EventRounds "11"]
[EventCountry "USA"]
[SourceTitle "CBM 202 Extra"]
[Source "ChessBase"]
[SourceDate "2021.07.31"]
[SourceVersion "1"]
[SourceVersionDate "2021.07.31"]
[SourceQuality "1"]

1. e4 c5 2. Nf3 Nf6 3. e5 Nd5 4. d4 cxd4 5. c3 Nc6 6. Bc4 Nb6 7. Bb3 d6 8. exd6 Qxd6 9. 0-0 Be6 10. Nxd4 Nxd4 11. cxd4 Bxb3 12. Qxb3 e6 13. Nc3 Be7 14. d5 exd5 15. Rd1 Rd8 16. Be3 0-0 17. Bxb6 axb6 18. Nxd5 Bg5 19. Qxb6 Qe5 20. Qd4 Qe6 21. Rd3 Rfe8 22. g3 h5 23. h4 Bh6 24. Rad1 Kh8 25. a4 Rd6 26. a5 Red8 27. Qc4 Qe2 28. b3 Rc6 29. Nc3 Rxd3 30. Qxd3 Qe5 31. Nd5 g6 32. Qd4 Qxd4 33. Rxd4 Bg7 34. Rc4 Rxc4 35. bxc4 Bf8 36. Kf1 Kg7 37. f3 Bd6 38. g4 g5 39. hxg5 hxg4 40. f4 Kg6 41. Kg2 Kf5 42. Kg3 Bc5 43. Nf6 Bd6 1/2-1/2

[Event "Titled Tuesday intern op 20th Apr"]
[Site "Chess.com INT"]
[Date "2021.04.20"]
[Round "11"]
[White "Nadimifar, Adnan"]
[Black "Csonka, Balazs"]
[Result "1-0"]
[WhiteElo "2210"]
[BlackElo "2498"]
[PlyCount "125"]
[EventDate "2021.04.20"]
[EventType "swiss (blitz)"]
[EventRounds "11"]
[EventCountry "USA"]
[SourceTitle "CBM 202 Extra"]
[Source "ChessBase"]
[SourceDate "2021.07.31"]
[SourceVersion "1"]
[SourceVersionDate "2021.07.31"]
[SourceQuality "1"]

1. e4 c6 2. d4 d5 3. exd5 cxd5 4. c4 Nf6 5. Nc3 Nc6 6. Nf3 Bg4 7. cxd5 Nxd5 8. Qb3 Bxf3 9. gxf3 e6 10. Qxb7 Nxd4 11. Bb5+ Nxb5 12. Qc6+ Ke7 13. Qxb5 Nxc3 14. bxc3 Rb8 15. Qc5+ Ke8 16. Qxa7 Bd6 17. 0-0 Qh4 18. f4 Qg4+ 19. Kh1 Qf3+ 20. Kg1 Qg4+ 21. Kh1 Qf3+ 22. Kg1 h5 23. Qe3 Qc6 24. f5 Rb5 25. Qd4 Rxf5 26. Qxg7 Be5 27. Qg2 Qxg2+ 28. Kxg2 Bxc3 29. Rb1 Ke7 30. Rd1 Rg8+ 31. Kf1 Rg4 32. Rb3 Be5 33. h3 Ra4 34. a3 Kf6 35. Rd2 Kg6 36. Bb2 Bxb2 37. Rdxb2 Rfa5 38. Ra2 f5 39. Kg2 Kg5 40. Re2 Kf6 41. Rb6 Re5 42. Rxe5 Kxe5 43. Rb3 Kd5 44. Kf3 e5 45. Kg3 Kc4 46. Rb4+ Rxb4 47. axb4 Kxb4 48. Kh4 Kc4 49. Kxh5 f4 50. Kg4 Kd3 51. Kf3 Kd4 52. h4 Kd5 53. h5 Ke6 54. Ke4 Kf6 55. f3 Kg5 56. Kxe5 Kxh5 57. Kxf4 Kg6 58. Ke5 Kf7 59. Kf5 Kg7 60. Ke6 Kg6 61. f4 Kg7 62. f5 Kg8 63. Ke7 1-0

[Event "Titled Tuesday intern op 13th Apr"]
[Site "Chess.com INT"]
[Date "2021.04.13"]
[Round "7"]
[White "Bjerre, Jonas Buhl"]
[Black "Nadimifar, Adnan"]
[Result "0-1"]
[WhiteElo "2550"]
[BlackElo "2210"]
[PlyCount "76"]
[EventDate "2021.04.13"]
[EventType "swiss (blitz)"]
[EventRounds "11"]
[EventCountry "USA"]
[SourceTitle "CBM 201 Extra"]
[Source "ChessBase"]
[SourceDate "2021.05.31"]
[SourceVersion "1"]
[SourceVersionDate "2021.05.31"]
[SourceQuality "1"]

1. c4 Nf6 2. Nf3 g6 3. Nc3 Bg7 4. e4 0-0 5. Be2 c6 6. d4 d5 7. cxd5 cxd5 8. e5 Ne4 9. 0-0 Nxc3 10. bxc3 Nc6 11. Bg5 f6 12. exf6 exf6 13. Bf4 Be6 14. Rb1 b6 15. Re1 Bf7 16. h4 Qd7 17. Nd2 Rfe8 18. Bb5 Rxe1+ 19. Qxe1 Re8 20. Qf1 Qe6 21. Nf3 h5 22. Qd3 Kh7 23. Qc2 Re7 24. Re1 Qg4 25. Bxc6 Rxe1+ 26. Nxe1 Qxf4 27. Nf3 Bh6 28. Qa4 Qc1+ 29. Kh2 Qf1 30. Qxa7 Bf4+ 31. g3 Qxf2+ 32. Kh1 Qxf3+ 33. Kg1 Qxg3+ 34. Kf1 Qf3+ 35. Kg1 Be3+ 36. Kh2 Qf2+ 37. Kh3 Qf1+ 38. Kg3 Bf4# 0-1

[Event "Titled Tuesday intern op 13th Apr"]
[Site "Chess.com INT"]
[Date "2021.04.13"]
[Round "8"]
[White "Nadimifar, Adnan"]
[Black "Deac, Bogdan Daniel"]
[Result "1-0"]
[WhiteElo "2210"]
[BlackElo "2625"]
[PlyCount "93"]
[EventDate "2021.04.13"]
[EventType "swiss (blitz)"]
[EventRounds "11"]
[EventCountry "USA"]
[SourceTitle "CBM 201 Extra"]
[Source "ChessBase"]
[SourceDate "2021.05.31"]
[SourceVersion "1"]
[SourceVersionDate "2021.05.31"]
[SourceQuality "1"]

1. e4 g6 2. d4 Bg7 3. Nc3 c6 4. Nf3 d6 5. h3 Nf6 6. Be3 0-0 7. Qd2 b5 8. Bd3 Qc7 9. 0-0 Nbd7 10. Rfe1 e5 11. a3 Re8 12. dxe5 dxe5 13. Rad1 Nf8 14. Ne2 Ne6 15. g3 Rb8 16. c3 Rd8 17. Qc2 c5 18. c4 Nd4 19. Bxd4 cxd4 20. cxb5 Qxc2 21. Bxc2 Rxb5 22. b4 Bxh3 23. Bd3 Bg4 24. Kg2 Bxf3+ 25. Kxf3 Rb6 26. Kg2 Bh6 27. Rb1 Ng4 28. Kf3 Nf6 29. Kg2 Rc8 30. Red1 Kf8 31. a4 Kg7 32. a5 Rbb8 33. b5 Nd7 34. f4 f6 35. Kf3 Nc5 36. Nc1 g5 37. fxe5 fxe5 38. g4 Rf8+ 39. Kg2 Rf4 40. Ne2 Rxg4+ 41. Ng3 Ne6 42. b6 axb6 43. Rxb6 Re8 44. a6 Kf7 45. Bc4 Bf8 46. Rxe6 Rxe6 47. a7 1-0

[Event "IRI-chT S2 17th"]
[Site "Tehran"]
[Date "2019.04.17"]
[Round "5.1"]
[White "Nadimifar, Adnan"]
[Black "Ghaem Maghami, Ehsan"]
[Result "1/2-1/2"]
[WhiteElo "2233"]
[BlackElo "2531"]
[PlyCount "68"]
[EventDate "2019.04.15"]
[EventType "team-swiss"]
[EventRounds "7"]
[EventCountry "IRI"]
[SourceTitle "CBM 189 Extra"]
[Source "ChessBase"]
[SourceDate "2019.05.31"]
[SourceVersion "1"]
[SourceVersionDate "2019.05.31"]
[SourceQuality "1"]
[WhiteTeam "Larestan"]
[BlackTeam "Tehran Saipa"]
[WhiteTeamCountry "IRI"]
[BlackTeamCountry "IRI"]

1. d4 Nf6 2. Bf4 g6 3. Nc3 d5 4. Qd2 c6 5. h4 Nbd7 6. Nf3 Bg7 7. e3 b5 8. Ne5 b4 9. Na4 Qa5 10. b3 Nxe5 11. Bxe5 Ne4 12. Qd1 Bxe5 13. dxe5 Qc7 14. Qd4 Be6 15. Nc5 Nxc5 16. Qxc5 Qxe5 17. Qxc6+ Kf8 18. Qxa8+ Kg7 19. Qxa7 Qxa1+ 20. Kd2 Qc3+ 21. Kd1 Bf5 22. Qd4+ Qxd4+ 23. exd4 Rc8 24. Bd3 Bxd3 25. cxd3 Ra8 26. a4 bxa3 27. Kc2 Rc8+ 28. Kd2 Rb8 29. Kc3 Rc8+ 30. Kd2 Rb8 31. Kc2 Rc8+ 32. Kd2 Rb8 33. Kc3 Rc8+ 34. Kd2 Rb8 1/2-1/2

[Event "Karoun Masters Cup 6th"]
[Site "Ahvaz"]
[Date "2019.02.22"]
[Round "2"]
[White "Kreisl, Robert"]
[Black "Nadimifar, Adnan"]
[Result "1/2-1/2"]
[WhiteElo "2424"]
[BlackElo "2241"]
[PlyCount "29"]
[EventDate "2019.02.21"]
[EventType "swiss"]
[EventRounds "9"]
[EventCountry "IRI"]
[SourceTitle "CBM 189 Extra"]
[Source "ChessBase"]
[SourceDate "2019.05.31"]
[SourceVersion "1"]
[SourceVersionDate "2019.05.31"]
[SourceQuality "1"]

1. Nf3 Nf6 2. g3 g6 3. Bg2 Bg7 4. 0-0 0-0 5. d4 d5 6. c3 c6 7. Bf4 Qb6 8. Qb3 Bf5 9. Nbd2 Ne4 10. Nh4 Nxd2 11. Bxd2 Be6 12. Nf3 Bf5 13. Nh4 Be6 14. Nf3 Bf5 15. Nh4 1/2-1/2

[Event "Caspian Cup 17th"]
[Site "Bandar e Anzali"]
[Date "2019.02.15"]
[Round "4"]
[White "Tahbaz, Arash"]
[Black "Nadimifar, Adnan"]
[Result "1-0"]
[WhiteElo "2484"]
[BlackElo "2241"]
[PlyCount "126"]
[EventDate "2019.02.12"]
[EventType "swiss"]
[EventRounds "9"]
[EventCountry "IRI"]
[SourceTitle "CBM 189 Extra"]
[Source "ChessBase"]
[SourceDate "2019.05.31"]
[SourceVersion "1"]
[SourceVersionDate "2019.05.31"]
[SourceQuality "1"]

1. d4 d5 2. c4 dxc4 3. e4 e5 4. dxe5 Qxd1+ 5. Kxd1 Nc6 6. Bxc4 Nxe5 7. Be2 Bg4 8. f3 0-0-0+ 9. Ke1 Be6 10. Be3 Nd3+ 11. Bxd3 Rxd3 12. Kf2 Rd1 13. Ke2 Rd7 14. Nc3 Ne7 15. f4 Nc6 16. Nf3 Be7 17. Rhd1 Rhd8 18. Rxd7 Rxd7 19. b3 f6 20. h3 b6 21. g4 Bf7 22. Rg1 Nb4 23. h4 Nc2 24. Bf2 c5 25. f5 Nd4+ 26. Bxd4 cxd4 27. Nb5 d3+ 28. Ke3 a5 29. Rd1 a4 30. e5 fxe5 31. Nxe5 Rd5 32. Na7+ Kb7 33. Nxf7 axb3 34. axb3 Bc5+ 35. Ke4 Rd4+ 36. Kf3 Kxa7 37. Ne5 Rd5 38. Nxd3 h5 39. g5 Rxf5+ 40. Ke4 Rf7 41. Nxc5 bxc5 42. Rd6 Kb7 43. Kd5 Rf5+ 44. Kc4 Rf4+ 45. Kxc5 Rxh4 46. Rd7+ Kc8 47. Rxg7 Rg4 48. Kc6 Kd8 49. Kd6 Ke8 50. Ke6 Kf8 51. Rb7 h4 52. Kf6 Rf4+ 53. Kg6 h3 54. Rb8+ Ke7 55. Rh8 Rf3 56. b4 Rb3 57. Kg7 Ke6 58. Kg6 Ke5 59. Rh4 Rc3 60. b5 Rb3 61. Kh6 Ke6 62. g6 Rf3 63. g7 Kd5 1-0

[Event "Fajr op 27th"]
[Site "Tehran"]
[Date "2019.02.06"]
[Round "2"]
[White "Nadimifar, Adnan"]
[Black "Ter Sahakyan, Samvel"]
[Result "0-1"]
[WhiteElo "2241"]
[BlackElo "2593"]
[PlyCount "94"]
[EventDate "2019.02.05"]
[EventType "swiss"]
[EventRounds "9"]
[EventCountry "IRI"]
[SourceTitle "CBM 188 Extra"]
[Source "ChessBase"]
[SourceDate "2019.02.28"]
[SourceVersion "1"]
[SourceVersionDate "2019.02.28"]
[SourceQuality "1"]

1. Nf3 d5 2. d4 Nf6 3. c4 e6 4. g3 Bb4+ 5. Bd2 Bd6 6. Qc2 Nbd7 7. Bg2 0-0 8. 0-0 c6 9. Rd1 Ne4 10. Bf4 Bxf4 11. gxf4 f5 12. Nbd2 Rf6 13. Nf1 Rh6 14. Ng3 Nf8 15. e3 Ng6 16. b4 Nh4 17. Ne5 Bd7 18. f3 Nd6 19. c5 Nf7 20. a4 Nxe5 21. dxe5 Kh8 22. Rab1 Qe7 23. Rd2 Rg8 24. Rf1 Be8 25. Qc3 g5 26. fxg5 Qxg5 27. f4 Qg7 28. Qc1 Rg6 29. Qe1 Qh6 30. a5 a6 31. Qf2 R6g7 32. Bf3 Nxf3+ 33. Qxf3 Qh4 34. Rg2 Bh5 35. Qf2 Bg4 36. Ne4 Qxf2+ 37. Nxf2 Be2 38. Rg3 Rxg3+ 39. hxg3 Bxf1 40. Kxf1 Rxg3 41. Nd1 h5 42. Kf2 h4 43. Nc3 Kh7 44. Ne2 Rg8 45. Ng1 Kh6 46. Nf3 h3 47. Ng5 Rxg5 0-1

[Event "Shiraz Farvardin op"]
[Site "Shiraz"]
[Date "2018.04.18"]
[Round "11"]
[White "Nadimifar, Adnan"]
[Black "Pourramezanali, Amirreza"]
[Result "0-1"]
[WhiteElo "2286"]
[BlackElo "2536"]
[PlyCount "116"]
[EventDate "2018.04.11"]
[EventType "swiss"]
[EventRounds "11"]
[EventCountry "IRI"]
[SourceTitle "CBM 187 Extra"]
[Source "ChessBase"]
[SourceDate "2018.11.04"]
[SourceVersion "1"]
[SourceVersionDate "2018.11.04"]
[SourceQuality "1"]

1. d4 d5 2. c4 e6 3. Nc3 Nf6 4. Nf3 Bb4 5. Bg5 h6 6. Bxf6 Qxf6 7. e3 0-0 8. a3 Bxc3+ 9. bxc3 b6 10. cxd5 exd5 11. Bd3 Nc6 12. 0-0 Bg4 13. h3 Bxf3 14. Qxf3 Qxf3 15. gxf3 Na5 16. Rab1 c6 17. f4 Rac8 18. Rfc1 c5 19. Kf1 Rc7 20. Ke2 Rfc8 21. Kd1 Kf8 22. h4 Ke7 23. Bf5 Rd8 24. Bd3 Kf6 25. a4 Rdc8 26. Ba6 Rg8 27. Bd3 Rd8 28. Bf1 Nb7 29. Bg2 Na5 30. Bf1 Ke7 31. Bd3 Nb7 32. Kd2 Nd6 33. Rg1 Kf8 34. Rgc1 Rdc8 35. f3 Re8 36. Ra1 Nb7 37. e4 Na5 38. Rab1 Rec8 39. Ba6 Rd8 40. e5 cxd4 41. cxd4 Rxc1 42. Kxc1 Nc6 43. Rb3 Nxd4 44. Rc3 Ne6 45. Rc6 Nxf4 46. Rc7 Ng6 47. Rxa7 Nxe5 48. Rb7 Rd6 49. Be2 d4 50. f4 Ng6 51. Bh5 Kg8 52. f5 Nxh4 53. Bxf7+ Kh7 54. Be6 d3 55. Rb8 h5 56. Bf7 d2+ 57. Kd1 Nxf5 58. Bxh5 Ne3+ 0-1

[Event "Bandar e Anzali Khazar Cup 16th"]
[Site "Bandar e Anzali"]
[Date "2018.02.28"]
[Round "2"]
[White "Darini, Pouria"]
[Black "Nadimifar, Adnan"]
[Result "1-0"]
[WhiteElo "2497"]
[BlackElo "2275"]
[PlyCount "109"]
[EventDate "2018.02.27"]
[EventType "swiss"]
[EventRounds "9"]
[EventCountry "IRI"]
[SourceTitle "CBM 183 Extra"]
[Source "ChessBase"]
[SourceDate "2018.04.19"]
[SourceVersion "1"]
[SourceVersionDate "2018.04.19"]
[SourceQuality "1"]

1. e4 c5 2. Nf3 g6 3. Nc3 Bg7 4. Bc4 Nc6 5. 0-0 a6 6. a4 e6 7. d3 Nge7 8. Bf4 d5 9. Bb3 0-0 10. Qd2 Nd4 11. Nxd4 cxd4 12. Ne2 e5 13. Bg5 dxe4 14. dxe4 Qd6 15. c3 Nc6 16. cxd4 exd4 17. Bf4 Qe7 18. Bd5 Nb4 19. Nxd4 Nxd5 20. exd5 Qe4 21. Nf3 Bf5 22. Rfe1 Qd3 23. Rad1 Qc4 24. a5 Rfd8 25. d6 Bf8 26. Be5 h6 27. Rc1 Qd3 28. Qf4 f6 29. Bxf6 Rxd6 30. Be7 Rd7 31. Bxf8 g5 32. Qb4 Rxf8 33. Ne5 Qd6 34. Qb3+ Be6 35. Qc3 Rg7 36. Rcd1 Qc7 37. Qxc7 Rxc7 38. Rd6 Re8 39. h4 Bf7 40. hxg5 hxg5 41. Rf6 Rce7 42. Rf5 g4 43. Re4 Bd5 44. Rxg4+ Rg7 45. Rfg5 Rxg5 46. Rxg5+ Kh7 47. f4 Rc8 48. Kh2 Rc2 49. b4 Ba2 50. f5 Bd5 51. f6 Rc7 52. Rh5+ Kg8 53. g4 Rc1 54. Rg5+ Kf8 55. Nd7+ 1-0

[Event "Baku Jafarov Memorial"]
[Site "Baku"]
[Date "2018.01.11"]
[Round "9"]
[White "Nadimifar, Adnan"]
[Black "Tahbaz, Arash"]
[Result "0-1"]
[WhiteElo "2222"]
[BlackElo "2442"]
[PlyCount "104"]
[EventDate "2018.01.04"]
[EventType "swiss"]
[EventRounds "9"]
[EventCountry "AZE"]
[SourceTitle "CBM 182 Extra"]
[Source "ChessBase"]
[SourceDate "2018.02.23"]
[SourceVersion "1"]
[SourceVersionDate "2018.02.23"]
[SourceQuality "1"]

1. e4 c5 2. c3 d5 3. exd5 Qxd5 4. d4 Nf6 5. Nf3 e6 6. Bd3 Nc6 7. 0-0 Be7 8. Be3 0-0 9. dxc5 Rd8 10. Be2 Qxd1 11. Rxd1 Rxd1+ 12. Bxd1 Ng4 13. Bf4 e5 14. Bg3 f6 15. h3 Nh6 16. Bb3+ Kf8 17. Nbd2 Bxc5 18. Ne4 Bb6 19. Rd1 Ke7 20. Ne1 Bd7 21. Nc2 Nf5 22. Bh2 h5 23. Na3 Na5 24. Bd5 Rd8 25. b4 Nc6 26. Bb3 a6 27. Nc4 Ba7 28. Nc5 b5 29. Nb2 Bxc5 30. bxc5 Be6 31. Rxd8 Nxd8 32. Nd3 Nc6 33. Kf1 a5 34. g4 hxg4 35. hxg4 Nh4 36. Bg3 g5 37. Bxh4 gxh4 38. f3 Bxb3 39. axb3 a4 40. bxa4 bxa4 41. Kg2 Ke6 42. c4 a3 43. Nc1 Ne7 44. Na2 Kd7 45. Nb4 Ng6 46. Kh3 Kc7 47. Kg2 Nf4+ 48. Kh2 Nd3 49. Nc2 a2 50. Kh3 Ne1 51. Na1 Nxf3 52. Nc2 e4 0-1